Sports Quiz

Random Sports or Mixed Word Quiz

Water Polo on Sporcle: Mixed Word Quiz Stats

 Plays Quiz not verified by Sporcle

Challenge
Share
Tweet
Embed
Score 0/13 Timer 03:00
0 Plays Today
Jumble Word % Correct
Form of Defence:
SPERS
(P)RESS
84.9%
Polo-Playing Nation:
GHURNAY
HUNG(A)RY
84.9%
For a Major Foul:
APELYNT
PENAL(T)Y
83.9%
Time Period:
ARRQUET
QUAR(T)ER
80.6%
Time Period Display:
CHOSTCOLK
SHO(T)CLOCK
78.5%
Polo-Playing Nation:
MONGONTREE
MONTENEG(R)O
74.2%
Sponsor/Brand of Ball:
ASKIMA
M(I)KASA
73.1%
How to stay afloat:
BEETAGGER
(E)GGBEATER
71%
For a Major Foul:
UXNICLOSE
EX(C)LUSION
55.9%
Tactical Move:
CHRYER KRICEP
CHERRY( )PICKER
26.9%
Position:
AMPINT
PITM(A)N
25.8%
Way to Shoot:
BOSKATCH
BAC(K)SHOT
25.8%
Position:
Themed Anagram
PIT ATTACKER
7.5%

You're not logged in!

Compare scores with friends on all Sporcle quizzes.
Join for Free
OR
Log In

You Might Also Like...

Show Comments

Extras

Top Quizzes Today


Score Distribution

Your Account Isn't Verified!

In order to create a playlist on Sporcle, you need to verify the email address you used during registration. Go to your Sporcle Settings to finish the process.

Report this User

Report this user for behavior that violates our Community Guidelines.

Details: